| 000 | 00829nam a2200217Ii 4500 | ||
|---|---|---|---|
| 003 | JO-AjNU | ||
| 008 | 230605s9999||||xx |||||||||||||| ||und|| | ||
| 017 | _a2001/2/458 | ||
| 040 |
_aJO-AjNU _bara _erda _cJO-AjNU |
||
| 041 | _aara | ||
| 050 | 1 | 4 | _aHD30.23.N3642 2001 |
| 100 | 3 |
_aنائب، ابراهيم عبدالواحد، م.مشارك انعام عبد المنعم باقية, _eauthor _957213 |
|
| 245 | 0 | 0 | _aنظرية القرارات: نماذج واساليب كمية محوسبة |
| 250 | _aط1 | ||
| 264 | 3 | 1 | _aعمان: دار وائل للطباعة والنشر، 2001 |
| 300 |
_a388ص _bيحتوي على ملاحق والمراجع |
||
| 336 |
_atext _btxt _2rdacontent |
||
| 337 |
_aunmediated _bn _2rdamedia |
||
| 338 |
_avolume _bnc _2rdacarrier |
||
| 650 | 4 |
_aالقرارات الادارية _957214 |
|
| 999 |
_aA25624 _c29192 _d29192 |
||